The Korean political tradition and law

Tallennettuna:
Bibliografiset tiedot
Päätekijä: Hahm, Pyong-Choon
Aineistotyyppi: Kirja
Kieli:Undetermined
Julkaistu: Korea Royal Asiatic Society, Korea Branch 1971
Aiheet:
Law
Tagit: Lisää tagi
Ei tageja, Lisää ensimmäinen tagi!
Thư viện lưu trữ: Trung tâm Học liệu Trường Đại học Cần Thơ
LEADER 00513nam a2200193Ia 4500
001 CTU_89550
008 210402s9999 xx 000 0 und d
082 |a 349.519 
082 |b C548 
100 |a Hahm, Pyong-Choon 
245 4 |a The Korean political tradition and law 
245 0 |c Hahm Pyong-Choon 
260 |a Korea 
260 |b Royal Asiatic Society, Korea Branch 
260 |c 1971 
650 |a Law 
650 |z Korea 
904 |i Mai Loan 
980 |a Trung tâm Học liệu Trường Đại học Cần Thơ